Sporting by Letter - A - Statistics

General Stats
  • This quiz has been taken 20 times
  • The average score is 7 of 15
Answer Stats
Hint Answer % Correct
A sport that uses a bow and arrow that you have to attempt to get as close as possible to the bullseye Archery
100%
A sport when two players try and push the other’s arm over Arm Wrestling
89%
An American sport that is similar to rugby American Football
78%
Someone who skilfully completes gymnastics feats or other acts that include contortion and balance Acrobat
61%
A male tennis player that was formerly best, and is an eight time major champion Andre Agassi
61%
A form of exercise that incorporates rhythmical skills and strength Aerobics
56%
A sport in which players attempt to knock a plastic disc into their opponent's goal across an air cushioned table Air Hockey
56%
The New Zealand national rugby team All Blacks
56%
A fishing technique that uses a fish hook attached to a single line to tether individual fish in the mouth Angling
56%
A shot in basketball that fails to hit any part of the hoop Airball
39%
A modern Japanese martial art that is split into many different fighting styles Aikido
28%
The middle name of the best men’s singles tennis player in the world* Alcaraz
11%
An American female professional football player Alex Morgan
6%
A male international football player for France Antoine Griezmann
6%
A yoga pose that involves doing a lunge with one knee on the ground, and with your arms up Anjaneyasana
0%
No matching quizzes found
Score Distribution
Percent of People with Each Score
Percentile by Number Answered
Your Score History
You have not taken this quiz